On This Day: September 22nd II Quiz Stats

 Plays Quiz Updated Sep 22, 2018

Score 0/7 Timer 03:00
0 Plays Today
Question Answer Wrong Answers
This TV show created by Aaron Sorkin, which stars Martin Sheen, Rob Lowe, and Richard Schiff, debuts on NBC.
1999
The West Wing
89.2%
ER
3.2%
Six Feet Under
2.8%
The Wire
3.6%
Following a long history of border disputes, Iraq invades this country, beginning what would be a nearly 8 year conflict.
1980
Iran
87.5%
Turkey
4.6%
Egypt
2%
Israel
5%
In this country, François Duvalier is elected president, quickly establishing a totalitarian regime.
1957
Haiti
85.7%
Jamaica
2.6%
Dominica
4.2%
Nicaragua
6.9%
Chinese President ______ arrives in Seattle to start what is his first state visit to the United States.
2015
Xi Jinping
75.4%
Hu Jintao
8.4%
Jiang Zemin
3.3%
Zhao Ziyang
11.6%
Queen Victoria surpasses her grandfather, King _____, as the longest reigning monarch in British history.
1896
George III
64.3%
William IV
7.4%
Edward VII
22.5%
James II
5.6%
This English physicist and chemist, known primarily for his contributions to the study of electromagnetism and electrochemistry, is born.
1791
Michael Faraday
57.1%
Nikola Tesla
22.1%
Isaac Newton
11.6%
Heinrich Hertz
9.2%
The Sudanese Republic is renamed Mali following the withdrawal of ______ from the Mali Federation.
1960
Senegal
38%
Chad
33.8%
Angola
13.6%
Cameroon
13.9%

You're not logged in!

Compare scores with friends on all Sporcle quizzes.
OR
Log In

Sporcle TV

Today on Sporcle TV


Watch our educational content, quiz creation guides, and fun videos on Sporcle TV.

Show Comments

Extras

Top Quizzes Today


Score Distribution

Your Account Isn't Verified!

In order to create a playlist on Sporcle, you need to verify the email address you used during registration. Go to your Sporcle Settings to finish the process.

Report this User

Report this user for behavior that violates our Community Guidelines.

Details: